The functions of the executive
Saved in:
| Main Author: | |
|---|---|
| Format: | Book |
| Language: | English |
| Published: |
Cambridge
Harvard University
1966
|
| Subjects: | |
| Tags: |
Add Tag
No Tags, Be the first to tag this record!
|
MARC
| LEADER | 00000nam a2200000 a 4500 | ||
|---|---|---|---|
| 001 | UCQ1171 | ||
| 003 | CL-VaPUC | ||
| 008 | 980709e19660000US |||||||||||||||||eng|d | ||
| 082 | 0 | 4 | |a 658.4 |b BAR |2 21 |
| 100 | 0 | |a Barnard, Chester I |e author |9 414817 | |
| 245 | 1 | 4 | |a The functions of the executive |
| 300 | |a 334 p | ||
| 942 | |c BK | ||
| 945 | |d 19980709 00:00:00 |a cmena | ||
| 260 | |a Cambridge |b Harvard University |c 1966 | ||
| 650 | 0 | |a Administración de empresas |9 260833 | |
| 650 | 0 | |a Responsabilidad |9 308399 | |
| 650 | 0 | |a Etica profesional |9 255694 | |
| 650 | 0 | |a Gestión |9 260993 | |
| 650 | 7 | |a PLANIFICACION Y CONTROL |2 CL-VaPUC |9 414818 | |
| 583 | |a last modification |c 19980709 00:00:00 |k Rodrigo Vera | ||
| 999 | |c 272175 |d 272173 | ||